000 00186 a2200097 4500
020 _a9780765303363
041 _aeng
100 _aAndrew M.Greley
245 _aIrish Cristal
942 _cBK
999 _c13834
_d13834